000 00441nam a2200169 a 4500
005 20140310183258.0
008 970101s19uu xx 00 eng d
020 _a0140620893
050 _aPZ 3
_b.C852 1994
100 _aCrane, Stephen
245 _aThe red badge of courage /
_cStephen Crane.
260 _aNew York :
_bPenguin Books,
_c1994.
300 _a158 p. :
_c18 cm.
650 _aClassics
942 _cBK
_2lcc
999 _c20906
_d20906